[Event "E Women's Candidates Tournament 2022"]
[Site "Khiva"]
[Date "2022.12.04"]
[Round "1.3"]
[White "Tan, Zhongyi"]
[Black "Lagno, Kateryna"]
[Result "1/2-1/2"]
[WhiteElo "2514"]
[BlackElo "2563"]
[EventDate "2022.??.??"]
[Annotator "Bojkov,Dejan"]
[PlyCount "138"]
[Beauty "4678293189158"]
[EventType "team-tourn"]
[EventCountry "FID"]

1.d4 d5 2.c4 e6 3.Nf3 Nf6 4.Nc3 dxc4 5.Qa4+ {This is line would become the tabiya for the rapid portion of the match.} 5...Nc6 6.a3 ( {White did not achieve much after} 6.Qxc4 Nb4 7.Qb3 c5 8.a3 cxd4 9.axb4 dxc3 10.bxc3 Bd6 11.Bg5 O-O 12.e3 b6 13.Be2 Bb7 14.O-O Qc7 {in Lalith,B (2563)-Adhiban,B (2648) Kanpur 2022} ) 6...Bd6 {After taking her breath and a supposedly quick consultation with her trainer's team, Lagno changes the plate.} ( {She did well in the previous game, at least the beginning, after} 6...Bd7 7.Qxc4 Bd6 8.Bg5 {Here the Russian player came with the novelty} 8...h6 $146 ( {Whereas an earlier game saw} 8...O-O 9.e3 e5 10.d5 Ne7 11.Bxf6 gxf6 12.Ne4 Ng6 13.Nfd2 Be7 14.g4 {Dreev,A (2655)-Smirnov,P (2623) Ramenskoe 2006} ) 9.Bh4 O-O ( {Also interesting is the computer suggestion} 9...e5 10.d5 Ne7 $5 {[%c_effect e7;square;e7;type;Interesting;persistent;true]} 11.Bxf6 gxf6 12.e4 ( 12.Ne4 Ng6 ) 12...f5 ) 10.e4 e5 11.d5 Na5 12.Qd3 ( 12.Qa2 {looks to ugly to be truth, and Black is indeed fine after} 12...c5 13.Be2 a6 14.a4 c4 $1 {[%c_effect c4;square;c4;type;GreatFind;persistent;true] when} 15.Bxc4 $6 {[%c_effect c4;square;c4;type;Inaccuracy;persistent;true] even leads to Black's massive initiative after} 15...b5 16.axb5 Nxc4 17.Qxc4 axb5 18.Rxa8 Qxa8 19.Qd3 b4 20.Nd1 Nh5 $1 {[%c_effect h5;square;h5;type;GreatFind;persistent;true]} ) 12...Nb3 13.Rd1 a5 14.Be2 Qe7 15.O-O a4 {Black was fine at this stage of the game but erred later and lost, Tan,Z (2514)-Lagno,K (2563) Chess.com 2022} ) 7.g3 $146 {A novelty, which does not impress.} ( {White had more chances to fight for the advantage after} 7.e4 Be7 8.Bxc4 O-O 9.Be2 a6 10.O-O Rb8 11.Rd1 b5 12.Qc2 Bb7 13.Be3 Na5 14.Ne5 {Mozharov,M (2558)-Sadhwani,R (2479) Chess.com 2019} ) 7...O-O 8.Bg2 e5 $1 {[%c_effect e5;square;e5;type;GreatFind;persistent;true] Equalizing at once.} 9.Qxc4 exd4 10.Nxd4 Ne5 11.Qa4 Bc5 {The lack of development should have flashed a warning signal to Tan. However, her reaction} 12.Be3 {albeit obvious, turned out to be almost a decisive mistake $1} ( {The only move is} 12.Nf3 $1 {[%c_effect f3;square;f3;type;GreatFind;persistent;true] when after} 12...Nxf3+ 13.Bxf3 {White should not worry about} 13...Bh3 ( {True, Black is doing just fine after} 13...c6 {but White can castle $1} ) 14.Qh4 $1 {[%c_effect h4;square;h4;type;GreatFind;persistent;true]} ) 12...Bd7 $1 {[%c_effect d7;square;d7;type;GreatFind;persistent;true] Not just development, this is also a prophylaxis against the opponent's tactics $1} ( {The immediate} 12...Nfg4 {could have been met with} 13.Ne6 $1 {[%c_effect e6;square;e6;type;GreatFind;persistent;true] And this is already a reason to interrupt the calculation. But if we dive deeper, we may notice the beautiful queen sacrifice} 13...Nxe3 $3 {[%c_effect e3;square;e3;type;Brilliant;persistent;true]} 14.Nxd8 Nxg2+ {Then White's only move is} 15.Kf1 $1 {[%c_effect f1;square;f1;type;GreatFind;persistent;true]} ( {But not} 15.Kd1 $2 {[%c_effect d1;square;d1;type;Mistake;persistent;true]} 15...Rxd8+ 16.Kc1 Bf5 {and Black is winning.} ) 15...Bh3 {Now it seems as if White is in trouble, but the fearless machine suggests that it is White who is in control after the cold-blooded} 16.Nxb7 $1 {[%c_effect b7;square;b7;type;GreatFind;persistent;true]} 16...Nh4+ 17.Ke1 ) 13.Qd1 Nfg4 $1 {[%c_effect g4;square;g4;type;GreatFind;persistent;true] Now Black's attack is running like a snowball on a steep slope.} 14.Bf4 Ng6 15.e3 ( {Objectively better is} 15.O-O $1 {[%c_effect g1;square;g1;type;GreatFind;persistent;true] Although here too, Black has significant advantage with} 15...Nxf4 16.gxf4 Qh4 $1 {[%c_effect h4;square;h4;type;GreatFind;persistent;true]} ( 16...Qf6 $1 {[%c_effect f6;square;f6;type;GreatFind;persistent;true] is also great for the second player.} ) 17.Nf3 Bxf2+ 18.Kh1 Qe7 ) 15...Nxf4 16.gxf4 ( {The other capture does not suffice} 16.exf4 Re8+ 17.Kf1 {Due to} 17...Nxf2 $3 {[%c_effect f2;square;f2;type;Brilliant;persistent;true]} 18.Kxf2 Qf6 19.Ne2 Rxe2+ $1 {[%c_effect e2;square;e2;type;GreatFind;persistent;true]} 20.Kxe2 Bxd4 {and Black's attack is crushing.} ) 16...Qh4 {The black pieces are entering the play with ease, while the white king remains in the center. Both the f2- and e3-pawns are now under fire.} 17.Qd2 ( {Nothing changes} 17.Qf3 Rae8 ) 17...Bxd4 18.exd4 Rfe8+ 19.Kf1 Bf5 {Same ease. Lagno has created the deadly threat Bf5-d3+ followed by Re8-e2 $1} 20.Re1 {The e2-square is covered...} ( {Or} 20.Nd1 Rad8 {and White can barely move a thing.} ) 20...Bd3+ 21.Kg1 Nxf2 $3 {[%c_effect f2;square;f2;type;Brilliant;persistent;true] But here is another problem $1 The e1-square is opened for the black pieces to infiltrate.} 22.Re3 ( 22.Qxf2 $2 {[%c_effect f2;square;f2;type;Mistake;persistent;true]} 22...Rxe1+ ) 22...Rxe3 23.Qxe3 Ng4 {Incredible $1 After conducting the attack with such ease and elegance, Lagno stumbles at the very final step $1} ( {The simple capture would have won outright, as Tan would not have been able to defend the e-file in the line} 23...Nxh1 $1 {[%c_effect h1;square;h1;type;GreatFind;persistent;true]} 24.Qxd3 Qf2+ 25.Kxh1 Re8 {And while saving her king} 26.h3 ( {Or} 26.Be4 f5 $1 {[%c_effect f5;square;f5;type;GreatFind;persistent;true]} ) 26...Re1+ 27.Kh2 Qg1+ 28.Kg3 Re3+ {White would have lost her queen.} ) 24.Qg3 Qf6 {An instinctive reaction: keep the queens alive, mate the king.} ( {Black apparently forgot that the material is equal after} 24...Qxg3 $1 {[%c_effect g3;square;g3;type;GreatFind;persistent;true]} 25.hxg3 Rd8 {and as the pawn on d4 is about to fall, Black is still close to winning.} ) 25.Qxd3 Qxf4 26.Bf3 {Now Tan has managed to stabilize her situation and escaped the worst. Black still has plenty of compensation but is not winning anymore.} 26...Re8 ( 26...Qc1+ 27.Nd1 Nf6 {might have been more accurate, keeping the important knight alive.} ) 27.Ne2 Qg5 28.Bxg4 ( {Missing the strong} 28.h4 $1 {[%c_effect h4;square;h4;type;GreatFind;persistent;true] which would have forced the queen swap, after say} 28...Ne5+ 29.hxg5 Nxd3 30.Kf1 {and it is only White who can play for the win here.} ) 28...Qxg4+ 29.Kf2 Qh4+ ( {Or} 29...Re6 30.Rg1 Qh4+ 31.Kg2 {and the king escapes in the corner.} ) 30.Kg2 {Missing another chance to play for the win.} ( 30.Qg3 $1 {[%c_effect g3;square;g3;type;GreatFind;persistent;true]} 30...Qf6+ 31.Qf3 {would have been stronger for White.} ) 30...Qg5+ 31.Ng3 {From here on, both players play extremely accurately.} 31...Re3 32.Qc4 b5 $1 {[%c_effect b5;square;b5;type;GreatFind;persistent;true] An important in-between move.} ( {Or else it might be Tan who has the decisive attack in the line} 32...h5 33.Rf1 $1 {[%c_effect f1;square;f1;type;GreatFind;persistent;true]} 33...h4 34.Qxf7+ Kh7 35.Rf5 $1 {[%c_effect f5;square;f5;type;GreatFind;persistent;true]} ) 33.Qc6 h5 34.Rf1 $1 {[%c_effect f1;square;f1;type;GreatFind;persistent;true] Having the rook out is far more important than the knight.} 34...h4 35.Qxc7 hxg3 36.Qxf7+ Kh7 37.Qf5+ {Forcing a more or less drawish rook endgame.} 37...Qxf5 38.Rxf5 gxh2 39.Rxb5 Re2+ 40.Kh1 Kh6 41.d5 $1 {[%c_effect d5;square;d5;type;GreatFind;persistent;true] But White still had to be careful $1} ( {One tempo could have been one too many in the line} 41.Ra5 $4 {[%c_effect a5;square;a5;type;Blunder;persistent;true]} 41...g5 $1 {[%c_effect g5;square;g5;type;GreatFind;persistent;true]} 42.Rxa7 g4 ) 41...g5 42.d6 g4 ( {Or instant draw after} 42...Rd2 43.d7 g4 44.d8=Q Rxd8 45.Kxh2 ) 43.Rd5 g3 44.Rd1 {Just in time $1} ( 44.d7 $4 {[%c_effect d7;square;d7;type;Blunder;persistent;true]} 44...Re1+ ) 44...Re8 45.Kg2 Rg8 46.d7 Rd8 47.Kxg3 Rxd7 48.Rh1 Rd3+ 49.Kxh2 {It is a draw which is proved with accurate play by both players.} 49...Kg5 50.Rg1+ Kf4 51.Rg2 a5 52.Kg1 Rd1+ 53.Kf2 Rd2+ 54.Kf1 Rd5 55.Ke2 Kf5 56.Ke3 Ke6 57.Ke4 Rb5 58.Rd2 a4 59.Ke3 Ke5 60.Ke2 Ke4 61.Kd1 Ke5 62.Kc1 Rc5+ 63.Rc2 Kd4 64.Kd1 Rxc2 {Demonstrating impeccable endgame knowledge.} ( 64...Rh5 {would have been a draw too.} ) 65.Kxc2 Kc4 66.Kc1 Kb3 67.Kb1 Kc4 68.Kc2 Kd4 69.Kd2 Ke4 1/2-1/2

[Event "Tata Steel Chess Masters 2023"]
[Site "Chess.com"]
[Date "2023.01.15"]
[Round "2"]
[White "Giri, Anish"]
[Black "Gukesh, D."]
[Result "1-0"]
[WhiteElo "2764"]
[BlackElo "2725"]
[EventDate "2023.??.??"]
[Annotator "Rafael Leitao"]
[PlyCount "53"]
[Beauty "8246895088684"]
[EventType "schev"]
[EventRounds "4"]
[TimeControl "6000+30"]

1.d4 Nf6 2.c4 e6 3.Nf3 d5 4.Nc3 Bb4 5.Bg5 h6 6.Bxf6 Qxf6 7.e3 O-O 8.Rc1 dxc4 9.Bxc4 c5 10.O-O {This is a popular line of the Ragozin Defense, played in hundreds of games, including the highest level. As is often the case, the white player needs to show a new idea in these variations, as the known paths lead to equality. That's exactly what Giri will do in this game.} 10...cxd4 11.Ne4 ( 11.Nxd4 {is also possible, but White has been unable to prove an advantage after} 11...Bd7 ) 11...Qe7 12.a3 Ba5 13.exd4 {This rare capture was tried in two high-profile games in 2022. We have a position on the board with one of the most important structures in chess, the isolated queen's pawn. Every good chess player needs to know how to play this type of position. Roughly summarized, White has more space and more active pieces, but needs to play quickly to build up some attack before Black finishes development.} ( 13.Qxd4 {is more popular.} ) 13...Rd8 14.Rc2 $5 {A very interesting theoretical novelty. White intends to develop the rook on the second rank, either on d2 or e2. These are the most dangerous novelties, the ones that don't appear in a tactical, forced variation, moves that aren't the computer's first choices. The idea will work as a charm.} ( 14.Ba2 {was played in the two games mentioned previously.} 14...Bd7 15.b4 Bb6 16.Re1 Bc6 17.Qc2 Na6 $1 ( 17...a5 18.h4 Bxe4 19.Rxe4 Nd7 {with a complicated game in Mamedyarov-Dominguez Perez, Berlin 2022.} ) 18.h4 Nc7 {and Black later won in Mamedyarov-Erigaisi, FTX Road to Miami 2022.} ) 14...Bd7 {The question is how Black should finish development. Other attempts are also possible.} ( 14...Na6 {This weird move has the idea of getting the knight to d5 via c7, but it's not the most accurate.} 15.Ne5 Nc7 16.Be2 $1 {with the idea of playing Bh5, with unpleasant pressure.} ) ( 14...Nc6 {This is very natural.} 15.b4 Bb6 16.Rd2 {Here we see one of the benefits of White's plan. The rook protects the d-pawn and is ready to support its advance.} 16...Qc7 $1 {This is an important move to fight for equality.} ( 16...Bd7 {is dubious because the queen is poorly placed on e7.} 17.Re1 {With advantage for White.} ) ) ( 14...Nd7 {I think this is the best move. The idea is to send the knight to f6 and against 15.d5 the computer helps us find the right way.} 15.d5 ( 15.Re2 Nf6 {Black has nothing to worry about.} ) 15...exd5 16.Qxd5 Nb6 $1 17.Qxa5 Qxe4 18.Bb3 Be6 {with equality.} ) 15.Re2 Bc6 16.Qc2 {Suddenly the position becomes dangerous for Black. Themes with the knight jumping to g5 begin to appear. White might even support this plan by playing h2-h4. The x-ray of the rook with the queen on e7 is also cause for concern.} 16...Bb6 $6 {The first clear mistake.} ( 16...Nd7 $2 {This move loses.} 17.d5 $1 exd5 18.Neg5 ) ( 16...Bxe4 {This is the best. It's necessary to remove the menacing knight and develop as soon as possible.} 17.Rxe4 {The most dangerous.} ( 17.Qxe4 Nc6 18.Bb5 Rac8 19.Rc2 Bb6 20.Bxc6 Rxc6 21.Rxc6 bxc6 {and Black is close to equality.} ) 17...Nd7 18.d5 e5 {White's position still looks threatening, but objectively Black manages to hold the balance.} ( 18...Nf6 $2 19.dxe6 $1 Nxe4 20.Qxe4 {with a winning attack.} ) ) 17.Rfe1 {Now White's pieces are ready for a decisive assault and extreme measures are necessary.} 17...Kh8 $2 {The losing move. Gukesh wants to remove the king from the unpleasant a2-g8 diagonal, but he has no time for that.} ( 17...Bd5 $1 {Black has to exchange the dangerous opponent's bishop.} 18.Bxd5 Rxd5 19.Nc3 {This is the problem. White will push the d-pawn forward.} 19...Rd6 $1 20.d5 Nd7 {It's clear that White is better, but the position is not winning and Black won't be mated anytime soon.} ) 18.Neg5 $3 {Giri executes a brilliant combination to finish the game in style.} 18...hxg5 19.Rxe6 $1 {The natural continuation of the previous move. When analyzing a sacrifice, it's usually useful to look at the relative strength of the pieces left on the board, that is, what they are actually doing. Notice that Black's rook and knight haven't moved yet. It's emblematic that a rook and a knight are precisely the pieces sacrificed by Giri. Of course it's always easier to come up with theories to justify a combination when it's not our pieces that are being sacrificed.} 19...fxe6 20.Rxe6 {If the queen moves then the g5-pawn is captured and the attack is irresistible.} 20...Qxe6 ( 20...Qf7 21.Nxg5 Qh5 22.Rh6+ $1 {The cleanest.} 22...Qxh6 ( 22...gxh6 23.Qh7# ) 23.Nf7+ Kg8 24.Nxh6+ Kh8 ( 24...Kf8 25.Qf5+ Ke7 26.Qe6+ Kf8 27.Qf7# ) 25.Bg8 $1 {This one hurts.} 25...Rxg8 26.Nf7# ) 21.Bxe6 Bxf3 22.Qf5 $1 {The queen and bishop are enough to create a mating attack. 23.Qh3 is threatened.} 22...Be4 {A desperate attempt to slow down the attack.} 23.Qxe4 Rxd4 24.Qf3 $1 {The only move, but it’s more than enough.} 24...g4 25.Qf8+ Kh7 26.Bf5+ Kh6 ( 26...g6 27.Qf7+ Kh8 28.Qf6+ ( 28.Bc2 {is also easily winning.} ) 28...Kg8 29.Qxg6+ Kf8 30.Qf6+ Ke8 31.g3 {The attack continues and Black still cannot move the queenside.} ) 27.Bc2 {27.Qh8 is threatened and the queenside is paralyzed. Gukesh decided to resign. A brilliant game by Giri.} 1-0